000 00742cam2a220021700 4500
001 qce01122694
005 20190813181122.0
008 760113s1974 wau 000 0 eng u
035 _a(Sirsi) r68362
035 _a(QCAT)lss01140490
035 _a(UPRA)qce01122694
040 _dUPRA
110 2 _aAmerican Pharmaceutical Association.
_6A29417.1
245 1 0 _aEvaluations of drug interactions /
_cPrepared with the cooperation and assistance of the American Dental Association [and others].
260 _aWashington,
_c[c1976]
504 _aIncludes bibliographies.
650 0 _aDrug synergism.
_6S21287.1
710 2 _aAmerican Dental Association.
_6A29418.1
949 _aRM302
_wLC
_i-91734
_mMEDICAL
_tBOOK
_lON-SHELF
004 68362
999 _c45102
_d45102